| 000 | 01028nam a2200289 i 4500 | ||
|---|---|---|---|
| 001 | 172613 | ||
| 003 | ES-MaACL | ||
| 005 | 20250725232356.0 | ||
| 008 | 090728s1995 fr |||| | spa d | ||
| 020 | _a2-07-011383-3 | ||
| 080 | _a821.134.2-1(082.2) | ||
| 245 | 0 | 0 |
_aAnthologie bilingue de la poésie espagnole / _cpréface de Nadine Ly ; édition établie sous la direction de Nadine Ly ; avec la collaboration de Yves Aguila ... [et al.]. |
| 260 |
_a[Paris] : _bGallimard, _c1995. |
||
| 300 |
_aXCIX, 1340 p. ; _c18 cm. |
||
| 490 | 1 |
_aBibliothèque de la Pléiade ; _v419 |
|
| 490 | 1 | _aNRF | |
| 500 | _aCronología. | ||
| 500 | _aÍndices. | ||
| 504 | _aBibliografía. | ||
| 546 | _aTexto en español y traducción en francés. | ||
| 650 | 7 |
_aPoesías españolas _2embne _916214 |
|
| 700 | 1 |
_aLy, Nadine. _9141123 |
|
| 830 | 0 |
_aBibliothèque de la Pléiade ; _v419 _9180233 |
|
| 830 | 0 |
_aNRF _9189100 |
|
| 852 | 4 |
_aES-MaACL _jE-12895 _z. - Biblioteca Jacinto Martínez Lacalle |
|
| 999 |
_c172613 _d172613 |
||